000 01135cam a2200325 a 4500
999 _c8262
_d8262
001 15926305
003 GZU
005 20210519091221.0
008 090929s2009 enka 000 0 eng d
010 _a 2009464855
020 _a9780521734370 (pbk.)
035 _a(OCoLC)ocn286434322
040 _aBTCTA
_cBTCTA
_dYDXCP
_dBWX
_dIUP
_dDLC
042 _alccopycat
050 0 0 _aPR2803
_b.AND 2009
082 0 0 _a822.3/3
_222
100 1 _aShakespeare, William,
_d1564-1616.
245 1 0 _aAs you like it /
_cWilliam Shakespeare ; edited by Richard Andrews and Rex Gibson.
250 _a2nd ed.
260 _aCambridge ;
_aNew York :
_bCambridge University Press,
_c2009.
300 _axii, 196 p. :
_bill. (some col.) ;
_c23 cm.
490 0 _aCambridge School Shakespeare
600 1 0 _aShakespeare, William,
_d1564-1616.
_tAs you like it.
650 0 _aEnglish drama (Comedy)
700 1 _aAndrews, Richard,
_d1953 April 1-
700 1 _aGibson, Rex.
906 _a7
_bcbc
_ccopycat
_d2
_encip
_f20
_gy-gencatlg
942 _2lcc
_cBK
_h2807
_iAND
_kPR